| Поле | Название | Значение |
| |
Тип записи |
a |
| |
Библиографический уровень |
m |
| 001 |
Контрольный номер |
RU/SLIB/B/208746522 |
| 005 |
Дата корректировки |
20201206204114.7 |
| 010 |
Индекс ISBN |
__ |
| d |
Цена |
2300-00 |
| 101 |
Язык документа |
0_ |
| a |
Язык текста |
rus |
| 200 |
Заглавие и сведения об ответственности |
1_ |
| a |
Заглавие |
Реальное омоложение женщины |
| e |
Сведения, относящиеся к заглавию |
Самонастрои метода Г. Н. Сытина |
| f |
Первые сведения об ответственности |
Рос. фонд милосердия и здоровья. Всерос. науч.-метод. центр психолог. поддержки человека и нелекарств. лечения по методу Г.Н. Сытина |
| b |
Общее обозначение материала |
Текст |
| 210 |
Выходные данные |
__ |
| a |
Место издания |
М. |
| c |
Издательство |
Животворящая сила |
| d |
Дата издания |
1991 |
| 215 |
Физическое описание |
__ |
| a |
Объем |
70 с. |
| 600 |
Персоналии |
__ |
| a |
Персоналии (Фамилия) |
Сытин, Г. Н. |
| 606 |
Тематические рубрики |
__ |
| a |
Основная рубрика |
Здравоохранение. Медицинские науки |
| 606 |
Тематические рубрики |
__ |
| a |
Основная рубрика |
Психотерапия |
| 610 |
Ключевые слова |
__ |
| a |
Ключевые слова |
омоложение; женский организм |
| 686 |
Индексы других классификаций |
__ |
| a |
Классификационный индекс |
53.571; ст53.5 |
| 801 |
Источник записи |
_0 |
| a |
Страна |
RU |
| b |
Организация |
Муниципальное бюджетное учреждение культуры "Централизованная библиотечная система" г. Сургут (Центральная городская библиотека им. А. С. Пушкина) |
| g |
Правила каталогизации |
КиК/Михайлова |
| 801 |
Источник записи |
_1 |
| a |
Страна |
RU |
| b |
Организация |
Муниципальное бюджетное учреждение культуры "Централизованная библиотечная система" г. Сургут (Центральная городская библиотека им. А. С. Пушкина) |
| g |
Правила каталогизации |
КиК/Михайлова |
| 852 |
Данные о местонахождении |
__ |
| j |
Шифр хранения |
53.571 |
| c |
Каталожный индекс |
53.57 |
| i |
Авторский знак |
Р 31 |
| p |
Инвентарный номер |
53042 |
| 901 |
Тип документа |
__ |
| t |
Тип документа |
m |
| 990 |
Данные о заказе (DOS) |
__ |
| j |
Количество экземпляров (DOS) |
1 |